Statistics for Top 5 Most Profitable Sports Leagues

Click here to take the quiz!

General Stats

  • This quiz has been taken 42 times
    (41 since last reset)
  • The average score is 4 of 5

Answer Stats

RevenueLeague% Correct
$13 BillionNational Football League
98%
$7.4 BillionNational Basketball Association
90%
$4.43 BillionNational Hockey League
88%
$10 BillionMajor League Baseball
73%
$5.3 BillionEnglish Premier League
70%

Score Distribution

Percentile by Number Answered

Percent of People with Each Score

Your Score History

You have not taken this quiz since the last reset